Normal view
MARC view
Entry Personal Name
001 - CONTROL NUMBER
- control field: 25155
003 - CONTROL NUMBER IDENTIFIER
- control field: ARRUPE
005 - DATE AND TIME OF LATEST TRANSACTION
- control field: 20160816120219.0
008 - FIXED-LENGTH DATA ELEMENTS
- fixed length control field: 160816|| aca||aabn | a|a d
040 ## - CATALOGING SOURCE
- Original cataloging agency: ARRUPE
- Transcribing agency: ARRUPE
100 ## - HEADING--PERSONAL NAME
- Personal name: Jesus Christ
- General subdivision: Descent into hell.
670 ## - SOURCE DATA FOUND
- Source citation: Work cat.: (ARRUPE)0: Pitstick, Alyssa Lyra. 25153, Light in darkness :, c2007.